A logbook for land (Record no. 67120)

MARC details
000 -LEADER
fixed length control field 01410cam a2200265 4500
001 - CONTROL NUMBER
control field ABS64054
008 - FIXED-LENGTH DATA ELEMENTS--GENERAL INFORMATION
fixed length control field 000000n2001 000 0 eng u
035 ## - SYSTEM CONTROL NUMBER
System control number (Sirsi) u112730
100 ## - MAIN ENTRY--PERSONAL NAME
Personal name Spence, M
245 #2 - TITLE STATEMENT
Title A logbook for land
260 ## - PUBLICATION, DISTRIBUTION, ETC.
Date of publication, distribution, etc. 2001
490 ## - SERIES STATEMENT
Series statement Estates Gazette
Volume/sequential designation (0118) 5 May 2001, 169(1)
520 ## - SUMMARY, ETC.
Summary, etc. Advocates the routine use of land condition reports (LCR) for land transactions. Explains the concept of a standardised form of LCR, as endorsed by the Urban Task Force and suggests that its adoption will install confidence in the investor market place; LCRs will provide detailed information on the land use of a site and explain steps needed to return it to a marketable condition. The Institute of Environmental Managers and Assessors (IEMA) has set up training courses for parties involved in issuing the reports, another measure which should promote certainty and security. Briefly looks at the related initiatives of tax relief for cleaning up contaminated land and the creation of a National Land Use Database (NLUD).
590 ## - LOCAL NOTE (RLIN)
Local note ABS
650 ## - SUBJECT ADDED ENTRY--TOPICAL TERM
Topical term or geographic name entry element LAND CONDITION REPORTS
650 ## - SUBJECT ADDED ENTRY--TOPICAL TERM
Topical term or geographic name entry element URBAN TASK FORCE
650 ## - SUBJECT ADDED ENTRY--TOPICAL TERM
Topical term or geographic name entry element Land use
9 (RLIN) 6251
650 ## - SUBJECT ADDED ENTRY--TOPICAL TERM
Topical term or geographic name entry element INVESTMENT MARKET
650 ## - SUBJECT ADDED ENTRY--TOPICAL TERM
Topical term or geographic name entry element URBAN WHITE PAPER
650 ## - SUBJECT ADDED ENTRY--TOPICAL TERM
Topical term or geographic name entry element CONTAMINATED LAND
650 ## - SUBJECT ADDED ENTRY--TOPICAL TERM
Topical term or geographic name entry element TAX RELIEF
650 ## - SUBJECT ADDED ENTRY--TOPICAL TERM
Topical term or geographic name entry element NATIONAL LAND USE DATABASE
690 ## - LOCAL SUBJECT ADDED ENTRY--TOPICAL TERM (OCLC, RLIN)
Topical term or geographic name as entry element PROPERTY AND LAND LAW-CONVEYANCING
942 ## - ADDED ENTRY ELEMENTS (KOHA)
Suppress in OPAC 0
Holdings
Withdrawn status Lost status Source of classification or shelving scheme Damaged status Not for loan Home library Current library Shelving location Date acquired Total Checkouts Full call number Barcode Date last seen Copy number Price effective from Koha item type
    Dewey Decimal Classification     London London Journal article 23/05/2001   ABS64054 112730-1001 06/08/2019 1 06/08/2019 Journal article